| 000 | 01111cab a2200229 4500 | ||
|---|---|---|---|
| 001 | W5551 | ||
| 008 | 090401t1993 xxu||||| |||| 00| 0 eng d | ||
| 035 | _a(Sirsi) u72028 | ||
| 041 | _aeng | ||
| 245 | _aAssignment | ||
| 260 | _c1993 | ||
| 350 | _a0 | ||
| 490 |
_aEstates Gazette Case Summaries _v1993 EGCs 135(1) (24/7/93) |
||
| 520 | _a"Beale v Worth" "King v Worth" "Reynolds v Worth" CA 12 July 1993 involved a long standing dispute over the lessor`s (W) refusal to assign a lease and W`s demand to be able to pay individual lessees by way of set off for payment made by insurance company for claim originally made by tenants` association. Held W`s withholding of consent to be unreasonable and the sum of money was owed to the residents` association jointly so that several debts of lessees could not be set off against refund. Appeals dismissed. | ||
| 650 | _aASSIGNMENT | ||
| 650 | _aINSURANCE CLAIM | ||
| 650 | _aLEASES | ||
| 650 | _aWITHHOLDING CONSENT | ||
| 690 | _aPROPERTY-RESIDENTIAL PROPERTY-RESIDENTIAL LANDLORD AND TENANT-RESIDENTIAL TENANCIES | ||
| 942 | _n0 | ||
| 948 | _c04/03/1997 | ||
| 999 |
_c45440 _d45440 |
||